| 000 | 00483nam a2200169 a 4500 | ||
|---|---|---|---|
| 005 | 20140412111227.0 | ||
| 008 | 010522s19uu xx 00 eng d | ||
| 020 | _a1-86311-548-X | ||
| 050 |
_aTR(GS 372.6 _bLa3 1998 |
||
| 245 | _aLanguage homework assignments, level 3. | ||
| 260 |
_aGreenwood, WA : _bR. I. C. Publications, _c1998. |
||
| 300 | _a42p. ; ill. | ||
| 520 | _aReviewing language skills at home. | ||
| 650 | _aTitle. | ||
| 650 | _aEnglish language | ||
| 999 |
_c102083 _d102083 |
||